| 000 | 00937cam a2200301 4500 | ||
|---|---|---|---|
| 008 | 011019n2002 000 0 eng u | ||
| 020 | _a0631232524 | ||
| 035 | _a(Sirsi) u115205 | ||
| 041 | _aeng. | ||
| 050 | _a711.4 | ||
| 100 | _aHall, P. | ||
| 245 | _aCities of tomorrow | ||
| 250 | _a3rd ed. | ||
| 260 |
_aOxford _bBlackwell _c2002 |
||
| 300 |
_axviii,553p. _c23cm. |
||
| 520 | _aA critical history of Euro/American planning in theory and practice in the twentieth century, as well as of the social and economic problems and opportunities that gave rise to it. | ||
| 650 | _aURBAN PLANNING | ||
| 650 | _aCITY PLANNING | ||
| 650 | _aPLANNING HISTORY | ||
| 650 | _aEUROPE | ||
| 650 | _aUNITED STATES | ||
| 650 | _aPLANNING THEORY | ||
| 650 | _aTWENTIETH CENTURY | ||
| 650 | _aSOCIAL ISSUES | ||
| 650 | _aECONOMIC ISSUES | ||
| 690 | _aENVIRONMENTAL AND LAND CONSULTANCY-PLANNING AND DEVELOPMENT | ||
| 942 | _n0 | ||
| 999 |
_c101724 _d101724 |
||